Nueva poesía arequipeña

Sábháilte in:
Sonraí bibleagrafaíochta
Príomhchruthaitheoir: Yáñez, Luis (Údar)
Formáid: LEABHAR
Teanga:Spáinnis
Foilsithe / Cruthaithe: Arequipa Acosta 1955
Ábhair:
Clibeanna: Cuir clib leis
Níl clibeanna ann, Bí ar an gcéad duine le clib a chur leis an taifead seo!

MARC

LEADER 00000nam a2200000 a 4500
001 UCZ7815
003 CL-VaPUC
008 960112e19550000PE |||||||||||||||||spa|d
082 0 4 |a Pe861  |b YAN  |2 21 
100 0 |a Yáñez, Luis  |e author  |9 352801 
245 1 0 |a Nueva poesía arequipeña 
300 |a 909 p 
942 |c BK 
945 |d 19960112 00:00:00  |a rleighto 
260 |a Arequipa  |b Acosta  |c 1955 
600 0 7 |a YAÑEZ, LUIS  |2 CL-VaPUC  |9 352802 
600 0 7 |a BACACORZO, JORGE  |2 CL-VaPUC  |9 352803 
600 0 7 |a PEREZ LUNA, EDGARDO  |2 CL-VaPUC  |9 352804 
600 0 7 |a VEGA, ALBERTO  |2 CL-VaPUC  |9 352805 
650 0 |a Poesías peruanas   |9 267668 
583 |a last modification  |c 19960112 00:00:00  |k Rodrigo Vera 
999 |c 243813  |d 243811 
952 |0 0  |1 0  |4 0  |6 PE_861_000000000000000_YAN_1955  |7 0  |8 A  |9 257635  |a BIBEDU  |b BIBEDU  |d 2019-11-19  |i 3169499  |o Pe861 YAN 1955  |p 3169499  |r 2019-11-19  |w 2019-11-19  |y BK  |k LIT